000 00558nam a22001817a 4500
005 20251108175547.0
008 250721s2017 xx 000 0 ara d
082 1 4 _a811.504/شمر
100 1 _aالشمري، ثائر سمير حسن
245 1 0 _aالهجاء في الشعر العباسي /
264 1 _aعمان :
_bدار الرضوان للنشر و التوزيع،
_c2017.
300 _a192ص.
650 1 7 _aالشعر العربي
650 1 7 _aالعصر العباسي
650 1 7 _aالهجاء
942 _2ddc
_cBK
999 _c137016
_d137016